Normal view
MARC view
- القصة الشعبية العربية - علم النفس الجماعي
Entry Topical Term
001 - CONTROL NUMBER
- control field: 18855
003 - CONTROL NUMBER IDENTIFIER
- control field: JO-AjAnu
005 - DATE AND TIME OF LATEST TRANSACTION
- control field: 20230606073314.0
008 - FIXED-LENGTH DATA ELEMENTS
- fixed length control field: 230606|| aca||aabn | a|a d
040 ## - CATALOGING SOURCE
- Original cataloging agency: JO-AjAnu
- Transcribing agency: JO-AjAnu
150 ## - HEADING--TOPICAL TERM
- Topical term or geographic name entry element: القصة الشعبية العربية - علم النفس الجماعي
670 ## - SOURCE DATA FOUND
- Source citation: Work cat.: (JO-AjAnu)9676: زيغور، علي, author 18854, صياغات شعبية حول المعرفة والخصوبة والقدر: المهاد الإناسي والتحتيات العلائقية في الذات العربية